=LDR 00000nam 2200000 4500 =001 INLIS000000000026924 =005 20130612125334 =008 ***********************************Ind** =035 ##$$0010-061300000026924 =041 ##$$a Ind =082 ##$$a 641.2 =090 ##$$a 641.2, Ruk t =100 ##$$a Rukmana, H. Rahmat =245 ##$$a Yoghurt dan karamel susu, H. Rahmat Rukmana =260 ##$$a 2005 $b Yogyakarta =300 ##$$a 24 hlm, ilus, 19 cm =650 ##$$a Minuman =850 ##$$a NBPNMAT